<?xml version="1.0" encoding="UTF-8"?>
<record
    xmlns:xsi="http://www.w3.org/2001/XMLSchema-instance"
    xsi:schemaLocation="http://www.loc.gov/MARC21/slim http://www.loc.gov/standards/marcxml/schema/MARC21slim.xsd"
    xmlns="http://www.loc.gov/MARC21/slim">

  <leader>00864nam a2200205Ia 4500</leader>
  <controlfield tag="003">IN-BaIIA</controlfield>
  <controlfield tag="008">211028s9999    xx            000 0 eng d</controlfield>
  <datafield tag="020" ind1=" " ind2=" ">
    <subfield code="a">0-7923-3930-4</subfield>
  </datafield>
  <datafield tag="040" ind1=" " ind2=" ">
    <subfield code="c">IIA Library</subfield>
  </datafield>
  <datafield tag="080" ind1=" " ind2=" ">
    <subfield code="a">523.4(082.2)</subfield>
    <subfield code="b">WOR</subfield>
  </datafield>
  <datafield tag="111" ind1=" " ind2=" ">
    <subfield code="a">Meeting on Mall Bodies in the Solar System and their Interactions with the Planets</subfield>
    <subfield code="c">Finland</subfield>
    <subfield code="d">1994 Aug. 8-12</subfield>
    <subfield code="9">22332</subfield>
  </datafield>
  <datafield tag="245" ind1=" " ind2="0">
    <subfield code="a">Worlds in interaction</subfield>
    <subfield code="b">proceedings of the meeting, small bodies in the solar system and their interactions with the planets held in Mariehamn, Finland, 8-12 Aug 1994</subfield>
    <subfield code="c">edited by H. Rickman and M. J. Valtonen                                                     </subfield>
  </datafield>
  <datafield tag="260" ind1=" " ind2=" ">
    <subfield code="a">Dordrecht</subfield>
    <subfield code="b">Kluwer Academic</subfield>
    <subfield code="c">1996</subfield>
  </datafield>
  <datafield tag="300" ind1=" " ind2=" ">
    <subfield code="a">xx, 508p.</subfield>
  </datafield>
  <datafield tag="650" ind1=" " ind2=" ">
    <subfield code="a">Planets</subfield>
    <subfield code="9">971</subfield>
  </datafield>
  <datafield tag="650" ind1=" " ind2=" ">
    <subfield code="a">Solar system</subfield>
  </datafield>
  <datafield tag="700" ind1=" " ind2=" ">
    <subfield code="a">Rickman, H., ed </subfield>
    <subfield code="9">22333</subfield>
  </datafield>
  <datafield tag="700" ind1=" " ind2=" ">
    <subfield code="a">Valtonen, M. J., ed.</subfield>
    <subfield code="9">15752</subfield>
  </datafield>
  <datafield tag="942" ind1=" " ind2=" ">
    <subfield code="c">BK</subfield>
  </datafield>
  <datafield tag="999" ind1=" " ind2=" ">
    <subfield code="c">12755</subfield>
    <subfield code="d">12755</subfield>
  </datafield>
  <datafield tag="952" ind1=" " ind2=" ">
    <subfield code="0">0</subfield>
    <subfield code="1">0</subfield>
    <subfield code="4">0</subfield>
    <subfield code="7">0</subfield>
    <subfield code="a">BAN</subfield>
    <subfield code="b">BAN</subfield>
    <subfield code="c">GEN</subfield>
    <subfield code="d">1998-11-13</subfield>
    <subfield code="e">INFO  </subfield>
    <subfield code="g">8201.60</subfield>
    <subfield code="l">0</subfield>
    <subfield code="o">523.4(082.2)/ WOR</subfield>
    <subfield code="p">13672</subfield>
    <subfield code="r">2021-11-05</subfield>
    <subfield code="v">8201.60</subfield>
    <subfield code="w">1998-11-13</subfield>
    <subfield code="y">BK</subfield>
    <subfield code="G">Rs. 8201.60  </subfield>
  </datafield>
</record>
